01312nam a2200265 a 450000100060000000300080000600500170001400800410003102000160007203500190008804000320010704100080013908200380014711000770018524503140026224601500057626000500072630000380077649000260081465100520084065100680089270000250096071000350098583000260102064008BD-RjUL20211209081248.0170126s1963 pk s o00| 0 eng  c: PRs. 5.00 a(BD-RjUL)64138 aDLCcDLCdDLCdBD-RjULbeng aeng a304.609549021223bKAR 1963 (DCR) aPakistan.bMinistry of Home and Kashmir Affairs (Home Affairs Division).10aPopulation census of Pakistan, 1961 : bDistrict census report, Karachi. Parts I-V : General description, general tables, housing tables, population tables, and village statistics. / cPakistan. Ministry of Home and Kashmir Affairs (Home Affairs Division) ; Census organization (Pakistan) ; A. Rashid, [comp.] aDistrict census report, Karachi : bParts I-V : General description, general tables, housing tables, population tables, and village statistics.  aKarachi : bManager of publications,c[1963]. avarious pagings :bIll. ;c25 cm. acensus, 61 ;vNo. 151 aPakistan (West Pakistan)zKarachivCensus, 1961 aPakistan (West Pakistan)zKarachixPopulationvStatisticsy1961 aRashid, A. , [comp.] aCensus organization (Pakistan) acensus, 61 ;vNo. 151